Normal view
MARC view
- Pesigan-Ani, Fariza Nera.
Entry Personal Name
001 - CONTROL NUMBER
- control field: 60274
003 - CONTROL NUMBER IDENTIFIER
- control field: OSt
005 - DATE AND TIME OF LATEST TRANSACTION
- control field: 20240906093153.0
008 - FIXED-LENGTH DATA ELEMENTS
- fixed length control field: 240906|| aca||aabn | a|a d
040 ## - CATALOGING SOURCE
- Original cataloging agency: OSt
- Transcribing agency: OSt
100 ## - HEADING--PERSONAL NAME
- Personal name: Pesigan-Ani, Fariza Nera.
- Relator term: author.
670 ## - SOURCE DATA FOUND
- Source citation: Work cat.: (OSt): Pesigan-Ani, Fariza Nera. author., Gulayan sa paaralang elementarya ng banaybanay /, July 2019.
